000 00440nam a2200181Ia 4500
001 16450
005 20260306170310.0
008 260306t1983||||xx |||||||||||||| ||und||
041 _aESP
082 _a348.6
_bD64
100 _aDeveali, Mario L.
_eAUT
245 0 _aEl derecho del trabajo:
_ben su aplicación y sus tendencias
260 _c1983
300 _a
_c23 cm.
650 _aGEN
654 _aCDE
942 _cLIB
_dJUS
_fJUS
_2ddc
_n
999 _c16450
_d16450